Normal view
MARC view
- Siblings
Entry Topical Term
001 - CONTROL NUMBER
- control field: 39834
003 - CONTROL NUMBER IDENTIFIER
- control field: OSt
005 - DATE AND TIME OF LATEST TRANSACTION
- control field: 20190919144111.0
008 - FIXED-LENGTH DATA ELEMENTS
- fixed length control field: 190919|| aca||aabn | a|a d
040 ## - CATALOGING SOURCE
- Original cataloging agency: OSt
- Transcribing agency: OSt
150 ## - HEADING--TOPICAL TERM
- Topical term or geographic name entry element: Siblings
- General subdivision: Relationships.
670 ## - SOURCE DATA FOUND
- Source citation: Work cat.: (OSt)14181: 39306 Kluger, Jeffrey., Why it's so hard for siblings to talk about trauma/, c2016.
